[Event "HUN-chT2 Szechenyi 1718"]
[Site "Hungary"]
[Date "2018.01.28"]
[Round "5.8"]
[White "Lovasz, Tibor"]
[Black "Vida, Krisztian"]
[Result "1-0"]
[WhiteElo "1758"]
[BlackElo "1821"]
[PlyCount "95"]
[EventDate "2017.10.29"]
[EventType "team-tourn"]
[EventRounds "9"]
[EventCountry "HUN"]
[SourceTitle "EXT 2021"]
[Source "ChessBase"]
[SourceDate "2020.10.23"]
[SourceVersion "1"]
[SourceVersionDate "2020.10.23"]
[SourceQuality "1"]
[WhiteTeam "Veszprem Ezust Huszar"]
[BlackTeam "Haladas Szombathely III"]
[WhiteTeamCountry "HUN"]
[BlackTeamCountry "HUN"]

1. e4 d5 2. exd5 Qxd5 3. Nc3 Qa5 4. Nf3 Nf6 5. Be2 c6 6. 0-0 Bf5 7. d3 e6 8. Bd2 Qc7 9. Nd4 Bg6 10. Bf3 Bd6 11. g3 0-0 12. Nde2 Nbd7 13. Ne4 Bxe4 14. dxe4 Ne5 15. Nf4 Nxf3+ 16. Qxf3 Be5 17. Nd3 Rad8 18. Rad1 Bd4 19. c3 Be5 20. Qe2 Bd6 21. Kh1 e5 22. f4 Rfe8 23. f5 Nd7 24. b4 f6 25. g4 c5 26. g5 cxb4 27. cxb4 Qc4 28. a3 Be7 29. Rc1 Qa6 30. gxf6 Nxf6 31. Rc3 Rd4 32. Qd1 Rxd3 33. Qb3+ Kh8 34. Rxd3 Nxe4 35. b5 Nxd2 36. Rxd2 Qxa3 37. Qd5 Bb4 38. Ra2 Qh3 39. Rf3 Qh4 40. Rg2 Qe7 41. Rg4 Rd8 42. Qe6 Qc5 43. Kg2 Qxb5 44. f6 g6 45. f7 Rd2+ 46. Kh3 Rxh2+ 47. Kxh2 Qe2+ 48. Rg2 1-0

[Event "HUN-chT U18"]
[Site "Hajduboszormeny"]
[Date "2016.11.03"]
[Round "3.17"]
[White "Vida, Krisztian"]
[Black "Baski, Barnabas"]
[Result "1-0"]
[WhiteElo "1828"]
[BlackElo "1540"]
[PlyCount "133"]
[EventDate "2016.11.02"]
[EventType "team-swiss"]
[EventRounds "8"]
[EventCountry "HUN"]
[SourceTitle "CBM 175 Extra"]
[Source "ChessBase"]
[SourceDate "2016.12.12"]
[SourceVersion "1"]
[SourceVersionDate "2016.12.12"]
[SourceQuality "1"]

1. d4 Nf6 2. c4 g6 3. Nc3 d6 4. Nf3 Nbd7 5. e4 Bg7 6. Bd3 e5 7. d5 0-0 8. 0-0 a5 9. Na4 Re8 10. a3 Nf8 11. b4 b6 12. Bd2 axb4 13. axb4 Bg4 14. h3 Bxf3 15. Qxf3 Qd7 16. Nc3 Reb8 17. Rfb1 h6 18. Qd1 g5 19. Rb2 Qc8 20. Rba2 Rxa2 21. Rxa2 Ra8 22. Qa1 Rxa2 23. Qxa2 Qb7 24. Be3 Ng6 25. g3 Nd7 26. Qa4 Ngf8 27. Be2 Nf6 28. c5 bxc5 29. bxc5 Qb2 30. Qc4 Ng6 31. Bd3 Bf8 32. Nb5 Qa1+ 33. Kg2 Ne8 34. cxd6 Bxd6 35. Nxd6 cxd6 36. Qc8 Qa4 37. Qb8 Kg7 38. Kh2 Nf6 39. Qxd6 Nxe4 40. Bxe4 Qxe4 41. Qc5 Qf5 42. Qd6 Nf8 43. h4 Ng6 44. hxg5 hxg5 45. Qd8 Ne7 46. Qxe7 Qh7+ 47. Kg2 Qe4+ 48. Kf1 Qb1+ 49. Ke2 Qc2+ 50. Kf3 Qf5+ 51. Ke2 Qc2+ 52. Bd2 Qe4+ 53. Kd1 Qb1+ 54. Bc1 Qd3+ 55. Ke1 Qe4+ 56. Be3 Qb1+ 57. Kd2 Qb2+ 58. Kd3 Qb1+ 59. Kc4 Qa2+ 60. Kb4 Qb2+ 61. Ka5 Qa2+ 62. Kb6 Qb3+ 63. Kc6 Qa4+ 64. Kd6 Qa6+ 65. Kxe5 Qa1+ 66. Bd4 Qe1+ 67. Kd6+ 1-0

[Event "HUN-chT2 Szechenyi 1516"]
[Site "Hungary"]
[Date "2016.03.20"]
[Round "9.10"]
[White "Kadem, Aziz"]
[Black "Vida, Krisztian"]
[Result "0-1"]
[WhiteElo "1530"]
[BlackElo "1810"]
[PlyCount "124"]
[EventDate "2015.09.13"]
[EventType "team-tourn"]
[EventRounds "11"]
[EventCountry "HUN"]
[SourceTitle "EXT 2017"]
[Source "ChessBase"]
[SourceDate "2016.10.25"]
[SourceVersion "1"]
[SourceVersionDate "2016.10.25"]
[SourceQuality "1"]
[WhiteTeam "Ezust Huszar"]
[BlackTeam "HVSE Infraplan"]
[WhiteTeamCountry "HUN"]
[BlackTeamCountry "HUN"]

1. e4 d5 2. exd5 Qxd5 3. Nc3 Qa5 4. Nf3 Nf6 5. d3 c6 6. Bd2 Bg4 7. h3 Bh5 8. Be2 e6 9. 0-0 Nbd7 10. Nd4 Bxe2 11. Qxe2 Qb6 12. Nb3 Be7 13. Be3 Qc7 14. f4 0-0 15. Rae1 Nb6 16. Qf2 Nfd5 17. Bd4 Nxc3 18. Bxc3 Nd5 19. Be5 Bd6 20. Qg3 Bxe5 21. fxe5 f5 22. Nd4 Qb6 23. Qf2 Rae8 24. c3 Qc7 25. Nb3 f4 26. Qh4 Rf5 27. d4 g5 28. Qh5 Qf7 29. Qxf7+ Kxf7 30. Nd2 h5 31. Ne4 Kg6 32. Nd6 Ref8 33. Nxf5 Rxf5 34. Rf2 g4 35. hxg4 hxg4 36. Re4 Kg5 37. c4 Ne3 38. g3 Nxc4 39. Rexf4 Ne3 40. Rxf5+ Nxf5 41. Kg2 Ne3+ 42. Kh2 Nf5 43. Rd2 Ne3 44. Kg1 Nf5 45. Kf2 Ne7 46. Rd3 Kf5 47. Ra3 a6 48. Rb3 b5 49. Ke3 Nd5+ 50. Kd3 a5 51. Ra3 Nb4+ 52. Kc3 Nd5+ 53. Kd2 a4 54. Rd3 Ke4 55. a3 Ne7 56. Kc2 Nf5 57. Kd2 Nxd4 58. Re3+ Kd5 59. Kd3 Nf3 60. Re4 Nxe5+ 61. Ke3 Nc4+ 62. Kf4 e5+ 0-1

[Event "HUN-chT2 Szechenyi 1516"]
[Site "Hungary"]
[Date "2016.02.28"]
[Round "8.11"]
[White "Balogh, Marton"]
[Black "Vida, Krisztian"]
[Result "1/2-1/2"]
[WhiteElo "1829"]
[BlackElo "1801"]
[PlyCount "85"]
[EventDate "2015.09.13"]
[EventType "team-tourn"]
[EventRounds "11"]
[EventCountry "HUN"]
[SourceTitle "EXT 2017"]
[Source "ChessBase"]
[SourceDate "2016.10.25"]
[SourceVersion "1"]
[SourceVersionDate "2016.10.25"]
[SourceQuality "1"]
[WhiteTeam "Csuti Baki Agrocentrum"]
[BlackTeam "HVSE Infraplan"]
[WhiteTeamCountry "HUN"]
[BlackTeamCountry "HUN"]

1. e4 d5 2. exd5 Qxd5 3. Nc3 Qa5 4. d4 Nf6 5. Nf3 c6 6. Ne5 Nbd7 7. Nc4 Qc7 8. g3 Nd5 9. Bg2 N7f6 10. Nxd5 cxd5 11. Ne5 Bf5 12. c3 e6 13. Qa4+ Nd7 14. Bf4 Bd6 15. Nxd7 Qxd7 16. Qxd7+ Kxd7 17. Be3 Rhc8 18. Kd2 b5 19. Bf1 b4 20. Bd3 Bxd3 21. Kxd3 bxc3 22. bxc3 Rab8 23. Rab1 Rc6 24. Rxb8 Bxb8 25. Rb1 Rb6 26. Rb3 Bd6 27. Rxb6 axb6 28. Kc2 b5 29. Kb3 Kc6 30. Bc1 Kb6 31. Ba3 Bc7 32. Bc5+ Ka5 33. Bb4+ Kb6 34. Bf8 g6 35. Kb4 h5 36. Be7 Kc6 37. Bf6 Kb6 38. h3 Bd6+ 39. Kb3 Kc6 40. g4 hxg4 41. hxg4 Kb6 42. f3 Kc6 43. Bg7 1/2-1/2

[Event "HUN-chT2 Szechenyi 1516"]
[Site "Hungary"]
[Date "2015.11.29"]
[Round "5.10"]
[White "Kovacs, Milan"]
[Black "Vida, Krisztian"]
[Result "0-1"]
[WhiteElo "1965"]
[BlackElo "1767"]
[PlyCount "70"]
[EventDate "2015.09.13"]
[EventType "team-tourn"]
[EventRounds "11"]
[EventCountry "HUN"]
[SourceTitle "CBM 170 Extra"]
[Source "ChessBase"]
[SourceDate "2016.02.25"]
[SourceVersion "1"]
[SourceVersionDate "2016.02.25"]
[SourceQuality "1"]
[WhiteTeam "Gyor Elektromos"]
[BlackTeam "HVSE Infraplan"]
[WhiteTeamCountry "HUN"]
[BlackTeamCountry "HUN"]

1. e4 d5 2. e5 c5 3. f4 e6 4. Nf3 Nc6 5. d3 Nge7 6. c3 Ng6 7. Be2 Be7 8. 0-0 b5 9. d4 c4 10. Qe1 Bd7 11. Bd1 0-0 12. Bc2 b4 13. g4 f5 14. exf6 Rxf6 15. Ne5 Ngxe5 16. dxe5 Rf7 17. Be3 Qb8 18. Qe2 bxc3 19. bxc3 Kh8 20. g5 g6 21. h4 Qb2 22. h5 Kg7 23. hxg6 hxg6 24. Rf2 Rg8 25. f5 exf5 26. e6 Bxe6 27. Bd4+ Nxd4 28. Qe5+ Kf8 29. cxd4 Qc1+ 30. Kg2 Qxg5+ 31. Kf1 Qc1+ 32. Kg2 Rh7 33. Nc3 Qg5+ 34. Qg3 Qxg3+ 35. Kxg3 Bh4+ 0-1

[Event "HUN-chT2 Szechenyi 1415"]
[Site "Hungary"]
[Date "2014.12.14"]
[Round "6.12"]
[White "Vida, Krisztian"]
[Black "Hegedus, Botond"]
[Result "1-0"]
[WhiteElo "1624"]
[BlackElo "1500"]
[PlyCount "59"]
[EventDate "2014.09.07"]
[EventType "team-tourn"]
[EventRounds "11"]
[EventCountry "HUN"]
[SourceTitle "EXT 2016"]
[Source "ChessBase"]
[SourceDate "2015.10.08"]
[SourceVersion "1"]
[SourceVersionDate "2015.10.08"]
[SourceQuality "1"]
[WhiteTeam "HVSE Infraplan"]
[BlackTeam "Keszthely"]
[WhiteTeamCountry "HUN"]
[BlackTeamCountry "HUN"]

1. d4 d5 2. c4 c6 3. Nf3 Nf6 4. Nc3 Bf5 5. Qb3 Qb6 6. Qxb6 axb6 7. cxd5 cxd5 8. Bf4 Nbd7 9. e3 e6 10. a3 Be7 11. Bb5 0-0 12. 0-0 Rac8 13. Rfc1 Rfd8 14. Na4 Bc2 15. Ne5 Bxa4 16. Bxa4 Nxe5 17. Bxe5 Ne8 18. Rxc8 Rxc8 19. Bxe8 Rxe8 20. Rc1 Bf6 21. Bg3 h6 22. Rc7 Re7 23. a4 g6 24. Rc8+ Kg7 25. Bc7 Rd7 26. Bxb6 Rd6 27. a5 Rd7 28. b4 Be7 29. b5 Bf6 30. Rc7 1-0

[Event "HUN-chT2 Charousek 1314"]
[Site "Hungary"]
[Date "2013.09.22"]
[Round "2"]
[White "Nemeth, Henrietta"]
[Black "Vida, Krisztian"]
[Result "1/2-1/2"]
[WhiteElo "1683"]
[BlackElo "1563"]
[PlyCount "39"]
[EventDate "2013.09.08"]
[EventType "team-tourn"]
[EventRounds "11"]
[EventCountry "HUN"]
[SourceTitle "EXT 2016"]
[Source "ChessBase"]
[SourceDate "2015.10.08"]
[SourceVersion "1"]
[SourceVersionDate "2015.10.08"]
[SourceQuality "1"]
[WhiteTeam "Taban Spartacus"]
[BlackTeam "Szombathely Haladas II"]
[WhiteTeamCountry "HUN"]
[BlackTeamCountry "HUN"]

1. e4 d5 2. exd5 Qxd5 3. Nc3 Qa5 4. Nf3 Nf6 5. Bc4 Bf5 6. 0-0 e6 7. d3 c6 8. Bf4 Nbd7 9. a3 Be7 10. b4 Qd8 11. h3 0-0 12. Nh4 Bg6 13. Nxg6 hxg6 14. Qf3 Nh5 15. Ne4 Nxf4 16. Qxf4 Nf6 17. Rfe1 Nxe4 18. Rxe4 Qd6 19. Qxd6 Bxd6 20. Rae1 1/2-1/2

[Event "HUN-chT2 Szechenyi 1213"]
[Site "Hungary"]
[Date "2012.11.18"]
[Round "5.12"]
[White "Vida, Krisztian"]
[Black "Arvai, Eszter"]
[Result "0-1"]
[WhiteElo "1552"]
[BlackElo "1820"]
[PlyCount "80"]
[EventDate "2012.09.16"]
[EventType "team-tourn"]
[EventRounds "11"]
[EventCountry "HUN"]
[SourceTitle "EXT 2014"]
[Source "ChessBase"]
[SourceDate "2013.11.20"]
[SourceVersion "1"]
[SourceVersionDate "2013.11.20"]
[SourceQuality "1"]
[WhiteTeam "Haladas III"]
[BlackTeam "Tapolca"]
[WhiteTeamCountry "HUN"]
[BlackTeamCountry "HUN"]

1. d4 g6 2. c4 Bg7 3. Nf3 c5 4. Nc3 d6 5. e3 Nc6 6. Be2 Bg4 7. dxc5 Bxc3+ 8. bxc3 dxc5 9. Qxd8+ Rxd8 10. Ba3 b6 11. 0-0 Bxf3 12. Bxf3 Ne5 13. Rfd1 Nxf3+ 14. gxf3 Nf6 15. Kf1 Nd7 16. f4 Nb8 17. Ke2 Nc6 18. Rxd8+ Kxd8 19. Rd1+ Kc7 20. Kf3 Na5 21. Bc1 Nxc4 22. e4 Rd8 23. Rxd8 Kxd8 24. Kg4 Nd6 25. f3 f5+ 26. exf5 Nxf5 27. h4 Nh6+ 28. Kg5 Nf7+ 29. Kg4 h5+ 30. Kg3 e6 31. Kf2 Kd7 32. Ke3 Nh6 33. Ke4 Nf5 34. Ke5 Nxh4 35. Kf6 Nxf3 36. Kxg6 h4 37. f5 exf5 38. Kxf5 h3 39. Bf4 h2 40. Bxh2 Nxh2 0-1

[Event "HUN-chT U18"]
[Site "Miskolc"]
[Date "2011.11.06"]
[Round "8.4"]
[White "Vida, Krisztian"]
[Black "Kajtar, Dora"]
[Result "0-1"]
[WhiteElo "1531"]
[BlackElo "1628"]
[PlyCount "138"]
[EventDate "2011.11.02"]
[EventType "team-swiss"]
[EventRounds "8"]
[EventCountry "HUN"]
[SourceTitle "EXT 2012"]
[Source "ChessBase"]
[SourceDate "2011.11.24"]
[SourceVersion "1"]
[SourceVersionDate "2011.11.24"]
[SourceQuality "1"]
[WhiteTeam "Haladas II"]
[BlackTeam "Debrecen"]
[WhiteTeamCountry "HUN"]
[BlackTeamCountry "HUN"]

1. d4 d6 2. c4 g6 3. Nf3 Bg7 4. Nc3 c6 5. e3 a6 6. Bd2 b5 7. a3 Nf6 8. Be2 0-0 9. 0-0 Nbd7 10. Rc1 Nb6 11. cxb5 cxb5 12. Qc2 Bb7 13. Ng5 Rc8 14. Bf3 Bxf3 15. Nxf3 d5 16. b3 Qd6 17. Qb2 Rc7 18. Ne2 Rfc8 19. Rxc7 Rxc7 20. Rc1 Rxc1+ 21. Qxc1 Ne4 22. Bb4 Qd7 23. Nc3 Qc7 24. Qb2 Nxc3 25. Qxc3 Qxc3 26. Bxc3 f6 27. Kf1 Kf7 28. Ke2 e6 29. Kd3 Bf8 30. Bb2 Nc8 31. e4 dxe4+ 32. Kxe4 Nd6+ 33. Kd3 Nb7 34. Nd2 a5 35. h3 h5 36. Ne4 Be7 37. Nc3 b4 38. axb4 axb4 39. Na2 Na5 40. Kc2 g5 41. Bc1 Kg6 42. Bd2 Nc6 43. Kd3 Kf5 44. g3 Na5 45. Bxb4 Bxb4 46. Nxb4 Nxb3 47. Nc2 Na5 48. Ke3 Nc4+ 49. Kd3 Nd6 50. Ke3 Kg6 51. f3 g4 52. fxg4 hxg4 53. hxg4 Kg5 54. Kf3 Nc4 55. Ne1 Nd2+ 56. Ke2 Nb3 57. Nf3+ Kxg4 58. Kf2 Nc1 59. Kg2 Ne2 60. Nh2+ Kf5 61. Nf3 Ke4 62. Kf2 Nxd4 63. Nd2+ Kd3 64. Nf1 f5 65. Nh2 e5 66. g4 f4 67. g5 e4 68. Ke1 e3 69. g6 e2 0-1

[Event "HUN-chT U18"]
[Site "Miskolc"]
[Date "2011.11.03"]
[Round "3.4"]
[White "Kral, Klaudia"]
[Black "Vida, Krisztian"]
[Result "1-0"]
[WhiteElo "1928"]
[BlackElo "1531"]
[PlyCount "69"]
[EventDate "2011.11.02"]
[EventType "team-swiss"]
[EventRounds "8"]
[EventCountry "HUN"]
[SourceTitle "EXT 2012"]
[Source "ChessBase"]
[SourceDate "2011.11.24"]
[SourceVersion "1"]
[SourceVersionDate "2011.11.24"]
[SourceQuality "1"]
[WhiteTeam "Csuti"]
[BlackTeam "Haladas II"]
[WhiteTeamCountry "HUN"]
[BlackTeamCountry "HUN"]

1. e4 c5 2. Nf3 d6 3. d4 cxd4 4. Nxd4 Nf6 5. Nc3 Nc6 6. Be3 e6 7. f3 Be7 8. Qd2 0-0 9. 0-0-0 a6 10. g4 d5 11. g5 Nh5 12. exd5 exd5 13. Nb3 d4 14. Nxd4 Nxd4 15. Qxd4 Bxg5 16. Qxd8 Bxd8 17. Bc4 Bc7 18. Nd5 Bd8 19. Rhe1 Be6 20. Bb3 Re8 21. Bb6 Bg5+ 22. Kb1 Bxd5 23. Bxd5 Rxe1 24. Rxe1 Rb8 25. Bc7 Rc8 26. Bxb7 Nf4 27. Bxa6 Ne6 28. Bg3 Nd4 29. f4 Bf6 30. c3 Ne6 31. Kc2 Rd8 32. b4 Nc7 33. Bc4 Nd5 34. Bxd5 Rxd5 35. Re8# 1-0

[Event "HUN-ch U14"]
[Site "Celldoemoelk"]
[Date "2011.07.02"]
[Round "8"]
[White "Vida, Krisztian"]
[Black "Csordas, David"]
[Result "1/2-1/2"]
[WhiteElo "1555"]
[BlackElo "1630"]
[PlyCount "60"]
[EventDate "2011.06.27"]
[EventType "swiss"]
[EventRounds "9"]
[EventCountry "HUN"]
[SourceTitle "EXT 2012"]
[Source "ChessBase"]
[SourceDate "2011.11.24"]
[SourceVersion "1"]
[SourceVersionDate "2011.11.24"]
[SourceQuality "1"]

1. d4 Nf6 2. c4 g6 3. Nf3 Bg7 4. Nc3 0-0 5. e3 d6 6. Be2 Nbd7 7. 0-0 e5 8. dxe5 Nxe5 9. Nxe5 dxe5 10. Qxd8 Rxd8 11. e4 Ne8 12. Be3 Be6 13. Rfd1 Nd6 14. b3 h6 15. f3 f5 16. Bd3 Rd7 17. Kf1 b6 18. Rd2 Rad8 19. Rad1 Nf7 20. Bc2 Rxd2 21. Rxd2 Rxd2 22. Bxd2 c6 23. Be3 f4 24. Bf2 g5 25. g4 Bf8 26. Be1 Nd8 27. Ne2 Nb7 28. Bc3 Bd6 29. Nc1 a6 30. Nd3 b5 1/2-1/2

[Event "HUN-ch U14"]
[Site "Celldoemoelk"]
[Date "2011.06.30"]
[Round "6"]
[White "Vida, Krisztian"]
[Black "Marton, Benedek"]
[Result "1/2-1/2"]
[WhiteElo "1555"]
[BlackElo "1429"]
[PlyCount "128"]
[EventDate "2011.06.27"]
[EventType "swiss"]
[EventRounds "9"]
[EventCountry "HUN"]
[SourceTitle "EXT 2012"]
[Source "ChessBase"]
[SourceDate "2011.11.24"]
[SourceVersion "1"]
[SourceVersionDate "2011.11.24"]
[SourceQuality "1"]

1. d4 d5 2. c4 e6 3. Nc3 Nf6 4. e3 Bb4 5. Bd2 0-0 6. Nf3 Nbd7 7. a3 Be7 8. Bd3 dxc4 9. Bxc4 c5 10. 0-0 cxd4 11. Nxd4 Nb6 12. Be2 Nbd5 13. Nxd5 Qxd5 14. Bc3 Ne4 15. Rc1 Bf6 16. Bf3 Nxc3 17. Rxc3 Qd6 18. Rd3 Rd8 19. Rd2 Qe7 20. Nb3 Rb8 21. Rxd8+ Qxd8 22. Qxd8+ Bxd8 23. Rd1 Be7 24. Nd4 a6 25. g3 e5 26. Ne2 Be6 27. Nc3 b5 28. Nd5 Bxd5 29. Bxd5 Rd8 30. e4 Kf8 31. Rc1 a5 32. Rc7 Rb8 33. Ra7 a4 34. Bc6 Bc5 35. Ra5 Bd4 36. Bxb5 Bxb2 37. Bxa4 Bxa3 38. Rxe5 Bd6 39. Rd5 Ke7 40. Rd3 Rb1+ 41. Kg2 f6 42. Rd2 Rb4 43. Bc6 Rc4 44. Bd5 Ra4 45. Rb2 Ra7 46. Re2 Be5 47. f4 Bb8 48. Bg8 h6 49. Bh7 Kf7 50. Bf5 Re7 51. Kf3 g6 52. Bh3 h5 53. g4 hxg4+ 54. Bxg4 g5 55. fxg5 fxg5 56. h3 Bc7 57. Rd2 Kf6 58. Rd5 Re5 59. Rd7 Re7 60. Rd3 Re5 61. Rd1 Kf7 62. Ke3 Bb6+ 63. Kd3 Kf6 64. Rf1+ Ke7 1/2-1/2

[Event "HUN-chT U18"]
[Site "Miskolc"]
[Date "2010.11.05"]
[Round "6.10"]
[White "Vida, Krisztian"]
[Black "Miko, Akos"]
[Result "0-1"]
[WhiteElo "1536"]
[BlackElo "1579"]
[PlyCount "44"]
[EventDate "2010.11.02"]
[EventType "team-swiss"]
[EventRounds "8"]
[EventCountry "HUN"]
[SourceTitle "EXT 2016"]
[Source "ChessBase"]
[SourceDate "2015.10.08"]
[SourceVersion "1"]
[SourceVersionDate "2015.10.08"]
[SourceQuality "1"]

1. e4 d5 2. exd5 Qxd5 3. Nc3 Qd6 4. d4 Nf6 5. Nf3 c6 6. h3 Bf5 7. Bd3 Bg6 8. Bxg6 hxg6 9. Be3 Nbd7 10. Qd2 Nb6 11. Qe2 e6 12. 0-0 Qc7 13. a3 Bd6 14. Rfd1 0-0-0 15. Bg5 Rh5 16. Bxf6 gxf6 17. Kf1 Rdh8 18. Ke1 g5 19. Kd2 Bf4+ 20. Kd3 c5 21. Nb5 c4+ 22. Kc3 Nd5# 0-1

[Event "HUN-ch U12"]
[Site "Budapest"]
[Date "2010.07.03"]
[Round "8"]
[White "Csirik, Janos"]
[Black "Vida, Krisztian"]
[Result "1-0"]
[WhiteElo "1647"]
[BlackElo "1721"]
[PlyCount "47"]
[EventDate "2010.06.26"]
[EventType "swiss"]
[EventRounds "9"]
[EventCountry "HUN"]
[SourceTitle "CBM 137 Extra"]
[Source "ChessBase"]
[SourceDate "2010.09.01"]
[SourceVersion "1"]
[SourceVersionDate "2010.09.01"]
[SourceQuality "1"]

1. e4 c5 2. Nf3 d6 3. d4 cxd4 4. Nxd4 Nf6 5. Nc3 g6 6. Be3 Bg7 7. f3 0-0 8. Qd2 Nc6 9. 0-0-0 Bd7 10. g4 Re8 11. h4 Rc8 12. h5 Ne5 13. hxg6 fxg6 14. Nd5 Nxd5 15. exd5 Nf7 16. Qh2 h6 17. Ne6 Bxe6 18. dxe6 Ne5 19. Bxh6 Nxf3 20. Qh3 Qc7 21. Bd3 Ne5 22. Bxg7 Nxd3+ 23. Qxd3 Kxg7 24. Qd4+ 1-0

[Event "HUN-ch U12"]
[Site "Balatonlelle"]
[Date "2009.07.05"]
[Round "9"]
[White "Urhegyi, Marton"]
[Black "Vida, Krisztian"]
[Result "1-0"]
[WhiteElo "1767"]
[BlackElo "1721"]
[PlyCount "31"]
[EventDate "2009.06.27"]
[EventType "swiss"]
[EventRounds "9"]
[EventCountry "HUN"]
[SourceTitle "EXT 2011"]
[Source "ChessBase"]
[SourceDate "2010.11.26"]
[SourceVersion "1"]
[SourceVersionDate "2010.11.26"]
[SourceQuality "1"]

1. e4 c5 2. c3 Nc6 3. d4 cxd4 4. cxd4 d5 5. e5 e6 6. Nf3 Bb4+ 7. Nc3 Nge7 8. Bd3 0-0 9. Bxh7+ Kxh7 10. Ng5+ Kg8 11. Qh5 Re8 12. Qh7+ Kf8 13. Qh8+ Ng8 14. Nh7+ Ke7 15. Bg5+ f6 16. Qxg7# 1-0